Countries with Bears - Statistics

General Stats
  • This quiz has been taken 28 times
    18 since last reset
  • The average score is 60 of 67
Answer Stats
Hint Answer % Correct
N. America Canada
100%
Asia China
100%
Asia Japan
100%
N. America Mexico
100%
Europe/Asia Russia
100%
S. America Argentina
94%
Asia Bhutan
94%
S. America Ecuador
94%
Europe Estonia
94%
Europe Finland
94%
Europe France
94%
Asia India
94%
Asia Iran
94%
Asia Kazakhstan
94%
Europe Latvia
94%
Europe Lithuania
94%
Asia Nepal
94%
Asia North Korea
94%
Europe Norway
94%
Asia Pakistan
94%
S. America Peru
94%
Asia South Korea
94%
Europe Sweden
94%
Europe Belarus
88%
S. America Bolivia
88%
Europe Bosnia
88%
Europe Bulgaria
88%
Asia Cambodia
88%
S. America Colombia
88%
Europe Croatia
88%
Europe Czechia
88%
N. America/Europe Denmark (Greenland)
88%
Asia Indonesia
88%
Asia Iraq
88%
Europe Italy
88%
Europe Kosovo
88%
Asia Laos
88%
Asia Malaysia
88%
Asia Mongolia
88%
Europe Montenegro
88%
Asia Myanmar
88%
Europe Romania
88%
Europe Serbia
88%
Europe Slovakia
88%
Europe Slovenia
88%
Asia Tajikistan
88%
Asia Thailand
88%
Asia Turkey
88%
Europe Ukraine
88%
N. America USA
88%
S. America Venezuela
88%
Asia Vietnam
88%
Asia Afghanistan
82%
Europe Albania
82%
Asia Armenia
82%
Asia Azerbaijan
82%
Asia Georgia
82%
Europe Greece
82%
Asia Kyrgyzstan
82%
Europe Poland
82%
Europe Spain
82%
Asia Uzbekistan
82%
Asia Bangladesh
76%
Asia Brunei
76%
Europe North Macedonia
76%
Asia Taiwan
76%
Asia Sri Lanka
71%
No matching quizzes found
Score Distribution
Percent of People with Each Score
Percentile by Number Answered
Your Score History
You have not taken this quiz since the last reset